| 000 | 00683nam a22001937a 4500 | ||
|---|---|---|---|
| 005 | 20140611173358.0 | ||
| 010 | _aB-504758 | ||
| 020 |
_a9788189902773 _c895.00 |
||
| 035 | _aB-504758 | ||
| 037 |
_adpl _bK.K.Pub/Ven |
||
| 082 | _a617.1027 | ||
| 100 | _aShunmuganathan, D | ||
| 245 |
_aIntroduction to Sports Medicine _cby D.Shunmuganathan |
||
| 260 |
_aNew Delhi _bSports Educational Technologies _c2012 |
||
| 270 |
_a101/102, 4787/23, Ansari Road, Darya Ganj _bNew Delhi _e110002 |
||
| 300 |
_a288p.: _bill. _c21cm(Hb) |
||
| 942 |
_2ddc _cEN _h617.1027 _mSHU |
||
| 999 |
_c85049 _d85049 |
||